000 01651nam a22003137a 4500
005 20150511134602.0
008 150507b fr ||||| |||| 00| 0 fra d
020 _a2908912619
050 0 4 _aPN2621
_bC65 1996
111 1 _aColloque International sur le theatre hispanique, hispano-americain et mexicain en France.
_c(Universite de Perpignan)
_n3 :
_d1996
245 1 0 _aTheatre, public, societe = Teatro, publico, sociedad /
_c[edite par] Daniel Meyran, Alejandro Ortiz, Francis Sureda : Teatro, publico, sociedad
250 _a1a ed.
260 _a[Perpignan] :
_bCentre de Recherches Iberiques et Latino-Americaines de l'Universite de Perpignan : |b Presses Universitaires de Perpignan
_c1988
300 _a559 p. ;
_c24 cm.
440 0 _aCollection Etudes
500 _aSubtitulo: Actes du IIIe Colloque international sur le theatre hispanique, hispano-americain et mexicain en France, 10, 11 et 12 octobre 1996, Universite de Perpignan
500 _a"Ouvrage oublie avec le concours du Conseil scientifique de I'Université de Perpignan et de la Régión Languedoc-Roussillon .
504 _aIncluye referencias bibliograficas
650 _a Teatro y sociedad
_zFrancia
_vCongresos
650 4 _aTeatro y sociedad
_z España
_vCongresos
650 _aTeatro y sociedad
_zMéxico
_vCongresos
650 _aDrama español
_xHistoria y critica
_vCongresos
650 _aDrama latinoamericano
_xHistoria y critica
_vCongresos
650 _aDrama mexicano
_xHistoria y critica
_vCongresos
700 _aMeyran, Daniel,
_qeditor
700 _aOrtiz, Alejandro,
_qeditor
700 _aSureda, Francis,
_qeditor
942 _2lcc
_cLIB
999 _c92682
_d92682